[Event "38th OKU 2011"]
[Site "Utrecht NED"]
[Date "2011.06.04"]
[Round "3"]
[White "Wiley,To"]
[Black "Andersson,U"]
[Result "0-1"]
[WhiteElo "2296"]
[BlackElo "2582"]

1.d4 Nf6 2.c4 e6 3.Nc3 Bb4 4.Qc2 c5 5.dxc5 O-O 6.a3 Bxc5 7.Nf3 b6 8.Bf4 Bb7
9.e3 Be7 10.Rd1 a6 11.Be2 d6 12.h3 Qc7 13.O-O Nbd7 14.Qb1 Rfd8 15.Rd2 Nc5
16.Bh2 Rac8 17.Nd4 g6 18.Rdd1 Qb8 19.Rfe1 Qa8 20.Bf3 Bxf3 21.Nxf3 Nce4 22.Nxe4 Qxe4
23.Nd2 Qxb1 24.Rxb1 Rc6 25.a4 d5 26.cxd5 Nxd5 27.Nf3 Bf6 28.Be5 Bxe5 29.Nxe5 Rc2
30.Rec1 Rdc8 31.Rxc2 Rxc2 32.Nf3 Kf8 33.Nd4 Rc7 34.Rd1 Ke7 35.Kf1 f6 36.Rd2 e5
37.Ne2 Ke6 38.e4 Nb4 39.Nc3 Rd7 40.Ke2 Rd6 41.Nd1 Rc6 42.Nc3 Rc8 43.Ke3 h5
44.h4 g5 45.hxg5 fxg5 46.f3 h4 47.Nd5 Nxd5+ 48.Rxd5 Rc4 49.b3 Rc1 50.Rd3 Rb1
51.Kf2 b5 52.axb5 axb5 53.Rc3 Kd6 54.Rd3+ Kc6 55.Rd5 Rxb3 56.Rxe5 Rb2+ 57.Kg1 b4
58.Rxg5 h3 59.gxh3 b3 60.Rg8 Rc2 61.h4 b2 62.Rb8 Kd6 63.f4 Rc1+ 64.Kg2 b1=Q
65.Rxb1 Rxb1 66.Kg3 Rg1+ 67.Kf3 Ke6  0-1

[Event "38th OKU 2011"]
[Site "Utrecht NED"]
[Date "2011.06.04"]
[Round "4"]
[White "Andersson,U"]
[Black "Ducarmon,Q"]
[Result "1/2-1/2"]
[WhiteElo "2582"]
[BlackElo "2347"]

1.Nf3 d5 2.d4 Nf6 3.c4 c6 4.cxd5 cxd5 5.Nc3 Nc6 6.Bf4 Bf5 7.Qb3 Na5 8.Qa4+ Bd7
9.Qc2 Rc8 10.e3 e6 11.Bd3 Bb4 12.O-O Nc4 13.Rfc1 Qa5 14.Bxc4 Rxc4 15.Ne5 Rc8
16.Qb3 O-O 17.Nxd7 Nxd7 18.Ne2 Nb6 19.Bc7 Qb5 20.Bxb6 Qxb6 21.Rc2 Rxc2 22.Qxc2 Bd6
23.Rc1 Rd8 24.h4 h5 25.g3 Rd7 26.Qa4 Rc7 27.Rxc7 Qxc7 28.Kg2 g6 29.Ng1 a6
30.Qe8+ Kg7 31.Nf3 Be7 32.Ne5 Bd6 33.Nf3 Be7 34.Ne5 Bd6 35.Nf3  1/2-1/2

[Event "38th OKU 2011"]
[Site "Utrecht NED"]
[Date "2011.06.05"]
[Round "5"]
[White "Van Eijk,S"]
[Black "Andersson,U"]
[Result "1/2-1/2"]
[WhiteElo "2377"]
[BlackElo "2582"]

1.e4 e6 2.d4 d5 3.Nd2 dxe4 4.Nxe4 Nd7 5.Bd3 Ngf6 6.Qe2 c5 7.Nxf6+ Nxf6 8.dxc5 Bxc5
9.Bd2 Bd7 10.O-O-O Qc7 11.Nf3 Bd6 12.Bc3 Bc6 13.Nd4 O-O-O 14.Nxc6 Qxc6  1/2-1/2

[Event "OKU Open GpA 2012"]
[Site "Utrecht NED"]
[Date "2012.06.08"]
[Round "1.2"]
[White "Kouwenhoven,Arjen"]
[Black "Andersson,U"]
[Result "0-1"]
[WhiteElo "2050"]
[BlackElo "2571"]

1.e4 c5 2.Nf3 Nc6 3.d4 cxd4 4.Nxd4 Nf6 5.Nc3 e5 6.Ndb5 h6 7.Nd6+ Bxd6 8.Qxd6 Qe7
9.Qxe7+ Kxe7 10.Bd3 d6 11.O-O Be6 12.b3 Rhc8 13.Bb2 Nb4 14.Rfc1 Rc6 15.Nd1 Rac8
16.Ne3 Ng4 17.Nxg4 Bxg4 18.Bc4 b5 19.Bxb5 Rxc2 20.Ba3 Nxa2 21.Rxc2 Rxc2 22.Bc4 Be2
23.Bd5 Nc3 24.Bb7 Bd3 25.Re1 Ne2+ 26.Kh1 Ra2 27.Bc1 Nxc1 28.Rxc1 Rxf2 29.Kg1 Rc2
30.Ra1 Rc7 31.Bd5 f5  0-1

[Event "OKU Open GpA 2012"]
[Site "Utrecht NED"]
[Date "2012.06.09"]
[Round "2.2"]
[White "Andersson,U"]
[Black "Lombaers,P"]
[Result "1-0"]
[WhiteElo "2571"]
[BlackElo "2142"]

1.Nf3 f5 2.d4 Nf6 3.g3 e6 4.Bg2 Be7 5.c4 d6 6.Nc3 O-O 7.Qc2 a5 8.e4 fxe4
9.Nxe4 Nc6 10.O-O Nb4 11.Nxf6+ Bxf6 12.Qe4 d5 13.Qe2 c5 14.Be3 cxd4 15.Bxd4 Nc6
16.Bc5 Re8 17.Rfe1 b6 18.cxd5 Ba6 19.Qd1 bxc5 20.dxc6 Bxb2 21.Rb1 Bf6 22.Ne5 Qc7
23.Nd7 Bd4 24.Qh5 Bd3 25.Rb7 Qd6 26.Ne5 Bg6 27.Nxg6 hxg6 28.Qxg6 Rf8 29.Be4 Bxf2+
30.Kg2 Bxe1 31.Qxg7+  1-0

[Event "OKU Open GpA 2012"]
[Site "Utrecht NED"]
[Date "2012.06.09"]
[Round "4.2"]
[White "Andersson,U"]
[Black "Bekker,Stefan"]
[Result "1-0"]
[WhiteElo "2571"]
[BlackElo "2175"]

1.Nf3 g6 2.d4 Bg7 3.c4 c5 4.e4 Qb6 5.dxc5 Qxc5 6.Be2 Nc6 7.O-O d6 8.Nfd2 Nd4
9.Nb3 Nxe2+ 10.Qxe2 Qc6 11.f3 Be6 12.Na3 Rc8 13.Be3 b6 14.Rfc1 Nf6 15.Nd4 Qa8
16.Nab5 Nd7 17.Rc2 O-O 18.Rac1 a6 19.Nxe6 fxe6 20.Nd4 Bxd4 21.Bxd4 e5 22.Be3 a5
23.b3 Nc5 24.h3 Rc7 25.Rd2 Qb7 26.Rd5 Qc6 27.Rcd1 Qa8 28.Kh2 Qa6 29.Bh6 Rf6
30.f4 exf4 31.e5 f3 32.gxf3 Re6 33.f4 Kf7 34.f5 Rxe5 35.Rxe5 dxe5 36.Qxe5  1-0

[Event "OKU Open GpA 2012"]
[Site "Utrecht NED"]
[Date "2012.06.10"]
[Round "5.2"]
[White "Van Kampen,R"]
[Black "Andersson,U"]
[Result "1/2-1/2"]
[WhiteElo "2563"]
[BlackElo "2571"]

1.e4 c5 2.Nf3 Nc6 3.d4 cxd4 4.Nxd4 Nf6 5.Nc3 e5 6.Ndb5 h6 7.Nd5 Nxd5 8.exd5 a6
9.Nc3 Nd4 10.Bd3 d6 11.O-O g6 12.Be3 Nf5 13.Bxf5 Bxf5 14.f4 h5 15.Qd2 Bg7
16.Rf2 O-O 17.fxe5 Bxe5 18.Bd4 Bxd4 19.Qxd4 Re8 20.Raf1 Rc8 21.h3 Re5 22.Rf4 b5
23.Qa7 Ra8 24.Qf2 Qg5 25.Kh2 Rae8 26.a4 R8e7 27.axb5 axb5 28.Nxb5 Re2 29.Qg3 Qxg3+
30.Kxg3 Bxc2 31.Nxd6 Bb3 32.Rxf7 Rxf7 33.Nxf7 Bxd5 34.Ng5 Rxg2+ 35.Kf4 Rxb2
36.Rc1 Rf2+ 37.Kg3 Rf5  1/2-1/2

[Event "11th ROC Nova Open"]
[Site "Haarlem NED"]
[Date "2012.07.06"]
[Round "1.2"]
[White "Schroer,M"]
[Black "Andersson,U"]
[Result "0-1"]
[WhiteElo "2088"]
[BlackElo "2569"]

1.Nf3 c5 2.c4 g6 3.g3 Bg7 4.Bg2 Nc6 5.Nc3 e6 6.a3 Nge7 7.Ne4 d6 8.Rb1 O-O
9.b4 cxb4 10.axb4 d5 11.cxd5 exd5 12.Nc5 b6 13.Nd3 Bf5 14.Qb3 Be4 15.Bb2 Bxb2
16.Qxb2 a5 17.bxa5 bxa5 18.O-O Qd6 19.Rbc1 Bxd3 20.exd3 a4 21.Nd4 a3 22.Qc3 Nxd4
23.Qxd4 a2 24.h4 h5 25.Bf3 Ra5 26.Kg2 Rfa8 27.g4 hxg4 28.Bxg4 Ra4 29.Rc4 a1=Q  0-1

[Event "11th ROC Nova Open"]
[Site "Haarlem NED"]
[Date "2012.07.07"]
[Round "2.2"]
[White "Andersson,U"]
[Black "Zwirs,Nico"]
[Result "1-0"]
[WhiteElo "2569"]
[BlackElo "2173"]

1.Nf3 Nf6 2.c4 g6 3.g3 Bg7 4.Bg2 O-O 5.O-O d5 6.d4 dxc4 7.Na3 Nc6 8.Nxc4 Be6
9.b3 Bd5 10.Bb2 a5 11.Rc1 Re8 12.a3 e6 13.e3 h6 14.Qc2 Be4 15.Qe2 g5 16.Ncd2 Bg6
17.Rxc6 bxc6 18.Ne5 Nd5 19.Nxg6 fxg6 20.Rc1 Qd7 21.Be4 Kh7 22.Nf3 Rab8 23.Rc4 Ne7
24.Qc2 Rb6 25.Bc3 Ra8 26.Rc5 Rab8 27.Nd2 Rb5 28.Rc4 e5 29.a4 exd4 30.Bxd4 Rb4
31.Bc5 Rxc4 32.Nxc4 Rd8 33.Kg2 Nf5 34.h3 Ra8 35.Ba3 Qe6 36.Bf3 Bf6 37.Bc1 h5
38.Bd2 g4 39.hxg4 hxg4 40.Bxg4 Nh4+ 41.Kh3 Nf5 42.Kh2 Kg7 43.Bf3 Nd6 44.Nxd6 Qxd6
45.Bxc6 Rh8+ 46.Kg2 Qe5 47.Bf3 Rb8 48.Qc4 Rd8 49.Be1 Rb8 50.Bd5 Rd8 51.e4 Rd7
52.Bxa5 Kh8 53.Qc6 Re7 54.Bb4 Rg7 55.a5 Qb2 56.Bc5 Bd4 57.Bxd4 Qxd4 58.a6 Kh7
59.b4 Qb6 60.Qxb6 cxb6 61.Bb7 Rf7 62.a7  1-0

[Event "11th ROC Nova Open"]
[Site "Haarlem NED"]
[Date "2012.07.07"]
[Round "3.2"]
[White "De Jong,M"]
[Black "Andersson,U"]
[Result "1/2-1/2"]
[WhiteElo "2358"]
[BlackElo "2569"]

1.e4 e6 2.d4 d5 3.Nc3 Nf6 4.Bg5 dxe4 5.Nxe4 Be7 6.Bxf6 gxf6 7.Nf3 b6 8.Bb5+ c6
9.Bd3 Bb7 10.Qe2 Qc7 11.O-O-O Nd7 12.Kb1 O-O-O 13.Ba6 Bxa6  1/2-1/2

[Event "11th ROC Nova Open"]
[Site "Haarlem NED"]
[Date "2012.07.08"]
[Round "4.3"]
[White "Andersson,U"]
[Black "Gaehler,M"]
[Result "1/2-1/2"]
[WhiteElo "2569"]
[BlackElo "2302"]

1.Nf3 Nf6 2.c4 d6 3.d4 g6 4.g3 Bg7 5.Bg2 O-O 6.Nc3 Nc6 7.O-O Bg4 8.d5 Na5
9.b3 Nxd5 10.Nxd5 Bxa1 11.Bd2 Nxc4 12.bxc4 Bg7 13.Qb3 c6 14.Ne3 Bc8 15.Rd1 Qb6
16.Qd3 Qa6 17.Bc3 Qa3 18.Nd4 Rd8 19.Qc2 e6 20.h4 d5 21.Nb3 Qf8 22.h5 b6 23.Ng4 f5
24.Ne5 Qe8 25.hxg6 hxg6 26.c5 Bb7 27.Bd4 b5 28.Qc3 a5 29.Nxa5 Ra7 30.Nxb7 Rxb7
31.Nd3 Ra8 32.Rd2 Bxd4 33.Qxd4 Ra4 34.Qf6 Qf7 35.Qe5 Qe7 36.Nf4 Kf7 37.Qh8 Qf8
38.Qe5 Qe7 39.Nd3 Ra8 40.f4 Rba7 41.Qa1 Qf6 42.Ne5+ Kg8 43.Bf3 Ra3 44.Kf2 g5
45.Qh1 g4 46.Bg2 Rxa2 47.Rxa2 Rxa2 48.Qb1 Ra6 49.Qb2 Kh7 50.Qd4 Qg7 51.Qe3 Qe7
52.Qc1 Kg8 53.Qc3 Qf6  1/2-1/2

[Event "11th ROC Nova Open"]
[Site "Haarlem NED"]
[Date "2012.07.08"]
[Round "5.4"]
[White "Jonkman,H"]
[Black "Andersson,U"]
[Result "1/2-1/2"]
[WhiteElo "2421"]
[BlackElo "2569"]

1.e4 c5 2.c3 d5 3.exd5 Qxd5 4.d4 e6 5.Nf3 Nc6 6.a3 Nf6 7.Bd3 b6 8.Be3 Bb7
9.b4 cxd4 10.cxd4 Be7 11.Nc3 Qd8 12.Qb3 O-O 13.Rd1 Rc8 14.d5 Nxd5 15.Nxd5 exd5
16.Bf5 Rc7 17.Rxd5 Qe8 18.O-O Bf6 19.Bf4 Re7 20.Bd6 Ne5 21.Nxe5 Bxd5 22.Qh3 h6
23.Nd7 Re1 24.Nxf6+ gxf6 25.Qg4+ Kh8 26.Bxf8 Rxf1+ 27.Kxf1 Qxf8 28.Qf4 Kg7
29.Qg3+ Kh8 30.Qf4 Kg7 31.Qg3+ Kh8 32.Qc7 Qe8 33.f4 Kg7 34.Kf2 Qa4 35.Qc3 Bb7
36.Bc2 Qb5 37.Qd3 Qxd3 38.Bxd3 Kf8 39.g3 Ke7 40.Bc4 f5 41.Ke3 f6 42.Bd3 Bc8
43.Kd4 Kd6 44.Be2 Be6 45.Bd1 Bf7 46.Bc2 Be6 47.Bd3 Bc8 48.Bc4 Bd7 49.Ba6 Be6
50.Bb7 Bd7 51.Kc4 Kc7 52.Bg2 Kd6 53.Bf3 Be8 54.Bd1 Bc6 55.Bh5 Ke6 56.Bg6 Bd7
57.Kd4 Bc6 58.Bh5 Kd6 59.Bf7 Bd7 60.Bd5 Ba4 61.Bb7 Bd7 62.Kc4 Kc7 63.Bf3 Kd6
64.Bd1 Bc6 65.Bc2 Bd7 66.Kd4 Ke6 67.a4 Kd6 68.a5 Be6 69.Bd3 Bd7 70.Bc4 Bc6
71.a6 Bd7 72.Be2 Bc6 73.h3 Bg2 74.h4 Bc6 75.g4 fxg4 76.Bxg4 Bg2 77.Bc8 Bc6
78.Bg4 Bd5 79.Be2 Bc6 80.Bd3 Be8 81.Bc4 Bg6 82.Be2 Bf5 83.Bf3 Bc8 84.Be2 Bf5
85.Bf3 Bd7 86.Be2 Bf5 87.Bf1 Bg6 88.Bb5 Bf5 89.Bc4 Bg6 90.Bf1 Bf5 91.Bg2 Bc8
92.Bf1 Bf5 93.Be2 Bg6 94.Bc4 Bf5 95.Be2 Bg6 96.Bg4 Bc2 97.Bh3 Bg6 98.Bg4 Bc2
99.Bh3 Bg6 100.Bg4 Bc2 101.Bh3 Bb1 102.Bg2 Bf5 103.Bf1 Bg6 104.Be2 Bf5 105.Bf1 Bg6
106.Be2 Bf5 107.Bf1 Bg6  1/2-1/2

[Event "11th ROC Nova Open"]
[Site "Haarlem NED"]
[Date "2012.07.08"]
[Round "6.3"]
[White "Andersson,U"]
[Black "Van Oosterom,C"]
[Result "1/2-1/2"]
[WhiteElo "2569"]
[BlackElo "2385"]

1.Nf3 c5 2.c4 Nc6 3.Nc3 e5 4.g3 g6 5.Bg2 Bg7 6.a3 a5 7.O-O Nge7 8.Rb1 O-O
9.d3 d6 10.Bd2 h6 11.Ne1 Be6 12.Nd5 Rb8 13.Nc2 b5 14.b4 axb4 15.axb4 bxc4
16.dxc4 cxb4 17.Ncxb4 Nxb4 18.Bxb4 Nxd5 19.Bxd5 Qd7 20.Qd3 Rfc8 21.Ba3 Bf8
22.Rb5 Bxd5 23.Rxd5 Qa4 24.Bxd6 Rb3 25.Qd2 Bxd6 26.Rxd6 Kh7 27.Qd5 Qxc4 28.Qxe5 Rb5
29.Qe3 Rcc5 30.Rd4 Qa2 31.Re4 Rf5 32.g4 Rf6 33.Qd4 Qb2 34.Qd3 Rb3 35.Qc4 Kg7
36.Rd1 Rc3 37.Qd4 Rc2 38.Qd3 Rc1 39.Rxc1 Qxc1+ 40.Kg2 h5 41.h3 hxg4 42.hxg4 Qc5
43.f3 Rd6 44.Qb3 Rb6 45.Qa2 Qc3 46.Qd5 Qb2 47.Re7 Qf6 48.Re8 Rd6 49.Qc5 Qd4
50.Qa3 Qd2 51.Qa8 Qf4 52.Re4 Qf6 53.Qa2 Ra6 54.Qd2 Rd6 55.Qe3 Rd1 56.g5 Qa1
57.Qc5 Rc1 58.Qe3 Rh1 59.Qf2 Rd1 60.Qe3 Rh1 61.Qf2 Rd1 62.Rc4 Qe5 63.Rc5 Qe7  1/2-1/2

[Event "CEG vs Legends 2012"]
[Site "Geneve SUI"]
[Date "2012.08.04"]
[Round "1"]
[White "Domont,A"]
[Black "Andersson,U"]
[Result "0-1"]
[WhiteElo "2361"]
[BlackElo "2569"]

1.d4 Nf6 2.Nc3 d5 3.Bg5 Bf5 4.e3 e6 5.Bd3 Bxd3 6.Qxd3 Nbd7 7.Nf3 Be7 8.O-O O-O
9.e4 dxe4 10.Nxe4 h6 11.Bh4 Nxe4 12.Bxe7 Qxe7 13.Qxe4 Qb4 14.Rab1 Nf6 15.Qe2 Rfd8
16.Rfd1 c5 17.c3 Qb6 18.dxc5 Qxc5 19.Qe5 Qc4 20.b3 Qa6 21.a4 Rac8 22.c4 Qb6
23.Qb5 Ne4 24.Qxb6 axb6 25.Kf1 Kf8 26.Ke1 Ke7 27.Rb2 Nc5 28.Rbb1 Ne4 29.Rb2 g5
30.Rc2 Nc5 31.Rxd8 Rxd8 32.Nd2 f5 33.Ke2 e5 34.f3 h5 35.Rc3 Ne6 36.Rd3  0-1

[Event "CEG vs Legends 2012"]
[Site "Geneve SUI"]
[Date "2012.08.05"]
[Round "2"]
[White "Andersson,U"]
[Black "Gerber,R"]
[Result "1/2-1/2"]
[WhiteElo "2569"]
[BlackElo "2408"]

1.Nf3 g6 2.d4 Nf6 3.c4 Bg7 4.Nc3 O-O 5.e4 d6 6.Be2 e5 7.O-O exd4 8.Nxd4 Re8
9.f3 c6 10.Kh1 Nh5 11.f4 Nf6 12.Bf3 Na6 13.Re1 Ng4 14.Bxg4 Bxg4 15.Qxg4 Bxd4
16.Qf3 Nc5 17.f5 Be5 18.Bd2 a5 19.Re2 Kh8 20.Rf1 Qh4 21.g3 Qh3 22.Rd1 Re7
23.Bf4 Rae8 24.Rxd6 Bxf4 25.Qxf4 g5 26.Qf3 Nd7 27.Qg2 Qh5 28.g4 Qh4 29.h3 Kg7
30.Kh2 h5 31.Qg3 Qxg3+ 32.Kxg3 hxg4 33.hxg4 Nf6 34.Kf3 Re5 35.Rdd2 Rh8 36.Rh2 Rhe8
37.Rhe2 Rh8  1/2-1/2

[Event "CEG vs Legends 2012"]
[Site "Geneve SUI"]
[Date "2012.08.05"]
[Round "3"]
[White "Dubessay,B"]
[Black "Andersson,U"]
[Result "1/2-1/2"]
[WhiteElo "2350"]
[BlackElo "2569"]

1.d4 Nf6 2.c4 e6 3.Nc3 Bb4 4.g3 e5 5.Nf3 b6 6.Bg2 Bb7 7.O-O exd4 8.Qxd4 Nc6
9.Qd3 O-O 10.a3 Bxc3 11.Qxc3 Rc8 12.b4 Ne7 13.Bb2 Bxf3 14.Bxf3 d5 15.c5 bxc5  1/2-1/2

[Event "CEG vs Legends 2012"]
[Site "Geneve SUI"]
[Date "2012.08.06"]
[Round "4"]
[White "Andersson,U"]
[Black "Vuilleumier,A"]
[Result "0-1"]
[WhiteElo "2569"]
[BlackElo "2332"]

1.Nf3 c5 2.c4 Nc6 3.d4 cxd4 4.Nxd4 Nf6 5.Nc3 d6 6.g3 Bd7 7.Bg2 g6 8.O-O Bg7
9.Nb3 Qc8 10.Nd5 Bh3 11.Bxh3 Qxh3 12.f3 Nxd5 13.cxd5 Ne5 14.Nd4 O-O 15.b3 Rac8
16.Be3 Bh6 17.Qd2 Bxe3+ 18.Qxe3 Rc5 19.Rac1 Rfc8 20.Rxc5 Rxc5 21.Qe4 h5 22.Re1 a6
23.Rf1 Rc3 24.Rd1 Qc8 25.Kg2 Qc5 26.h3 Kf8 27.f4 Nd7 28.Ne6+ fxe6 29.dxe6 Re3
30.exd7 Rxe4 31.d8=Q+ Kg7 32.Re1 Qc3  0-1

[Event "CEG vs Legends 2012"]
[Site "Geneve SUI"]
[Date "2012.08.07"]
[Round "5"]
[White "Rindlisbacher,L"]
[Black "Andersson,U"]
[Result "1/2-1/2"]
[WhiteElo "2304"]
[BlackElo "2569"]

1.d4 Nf6 2.c4 e6 3.Nf3 b6 4.e3 Bb7 5.Bd3 Bb4+ 6.Bd2 Bxd2+ 7.Nbxd2 c5 8.O-O d6
9.Qe2 Nc6 10.Rfd1 O-O 11.Ne4 cxd4 12.exd4 Nb4 13.a3 Nxd3 14.Nxf6+ Qxf6 15.Rxd3 Rac8
16.Rc1 d5 17.b3 Rfd8 18.Ne5 dxc4 19.bxc4 Qg5 20.f4 Qxf4 21.Rf1 Qe4 22.Re3 Qxd4
23.Nxf7 Rf8 24.Rd1 Qxc4 25.Nh6+ Kh8 26.Nf7+ Kg8 27.Nh6+ Kh8 28.Nf7+  1/2-1/2

[Event "CEG vs Legends 2012"]
[Site "Geneve SUI"]
[Date "2012.08.07"]
[Round "6"]
[White "Andersson,U"]
[Black "Domont,A"]
[Result "1-0"]
[WhiteElo "2569"]
[BlackElo "2361"]

1.Nf3 b6 2.g3 Bb7 3.Bg2 g6 4.c4 Bg7 5.O-O f5 6.d4 e6 7.Nc3 Nf6 8.d5 exd5
9.cxd5 O-O 10.Rb1 Na6 11.b4 c5 12.dxc6 dxc6 13.Nd4 Rf7 14.Nxc6 Qe8 15.b5 Nc5
16.Bb2 a6 17.a4 Rd7 18.Qc2 Rc8 19.Rfd1 axb5 20.axb5 Nfe4 21.Rxd7 Qxd7 22.Nxe4 fxe4
23.Rd1 Qe6 24.Rd8+ Kf7 25.Rxc8 Qxc8 26.Qc4+ Kf8 27.Ba3 Qf5 28.Bxc5+  1-0

[Event "CEG vs Legends 2012"]
[Site "Geneve SUI"]
[Date "2012.08.08"]
[Round "7"]
[White "Gerber,R"]
[Black "Andersson,U"]
[Result "1/2-1/2"]
[WhiteElo "2408"]
[BlackElo "2569"]

1.Nf3 c5 2.c4 g6 3.d4 cxd4 4.Nxd4 Nc6 5.e4 Nf6 6.Nc3 d6 7.Be2 Nxd4 8.Qxd4 Bg7
9.Be3 O-O 10.Qd2 Be6 11.f3 Qa5 12.Nd5 Qxd2+ 13.Kxd2 Nxd5 14.cxd5 Bd7 15.Rac1 Rfc8
16.Rxc8+ Rxc8 17.Rc1 Rxc1  1/2-1/2

[Event "CEG vs Legends 2012"]
[Site "Geneve SUI"]
[Date "2012.08.08"]
[Round "8"]
[White "Andersson,U"]
[Black "Dubessay,B"]
[Result "1-0"]
[WhiteElo "2569"]
[BlackElo "2350"]

1.Nf3 Nf6 2.c4 g6 3.g3 Bg7 4.Bg2 O-O 5.O-O d5 6.d4 dxc4 7.Na3 c3 8.bxc3 c5
9.e3 Nc6 10.Qe2 Bf5 11.Rd1 Qb6 12.Bb2 Rfd8 13.Nc4 Qa6 14.Bf1 Ne4 15.a4 Na5
16.Nxa5 Qxa5 17.Qb5 Qc7 18.Nd2 Bd7 19.Qb3 Be6 20.c4 Ng5 21.d5 Bg4 22.Rdb1 e5
23.Bc3 Rab8 24.h4 Nh3+ 25.Kg2 h5 26.Bd3 Qc8 27.Rh1 Rd6 28.f3 Rb6 29.Qc2 Bd7
30.Rh2 g5 31.hxg5 Nxg5 32.Rxh5 Bh3+ 33.Kf2  1-0

[Event "CEG vs Legends 2012"]
[Site "Geneve SUI"]
[Date "2012.08.09"]
[Round "9"]
[White "Vuilleumier,A"]
[Black "Andersson,U"]
[Result "0-1"]
[WhiteElo "2332"]
[BlackElo "2569"]

1.d4 Nf6 2.c4 e6 3.Nf3 Bb4+ 4.Nbd2 b6 5.a3 Bxd2+ 6.Nxd2 Bb7 7.Qc2 c5 8.dxc5 bxc5
9.b4 O-O 10.Bb2 d6 11.bxc5 dxc5 12.e3 Nbd7 13.Bd3 Qc7 14.O-O Ne5 15.Be2 Neg4
16.g3 Rad8 17.Bxf6 Nxf6 18.Rfd1 h6 19.Nb3 Qe5 20.Rxd8 Rxd8 21.Rd1 Rb8 22.Nd2 Bc6
23.Nf3 Qe4 24.Qc3 Nd7 25.Qd3 Qxd3 26.Rxd3 Bxf3  0-1

[Event "CEG vs Legends 2012"]
[Site "Geneve SUI"]
[Date "2012.08.10"]
[Round "10"]
[White "Andersson,U"]
[Black "Rindlisbacher,L"]
[Result "1/2-1/2"]
[WhiteElo "2569"]
[BlackElo "2304"]

1.Nf3 c5 2.c4 Nc6 3.d4 cxd4 4.Nxd4 g6 5.e4 Bg7 6.Be3 Nf6 7.Nc3 Ng4 8.Qxg4 Nxd4
9.Qd1 Ne6 10.Rc1 Qa5 11.Qd2 b6 12.Be2 Bb7 13.f3 d6 14.b3 g5 15.h4 h6 16.hxg5 hxg5
17.Rxh8+ Bxh8 18.Nd5 Qxd2+ 19.Kxd2 Be5 20.Rh1 Kd7 21.Rh7 Rf8 22.Bf1 Ke8 23.b4 Bc6
24.Bd3 Rg8 25.Ke1 Nf4 26.Bf1 Ne6 27.Bd3 Nf4 28.Bf1 Ne6 29.Bd3 Nf4  1/2-1/2

[Event "16th OIBM 2012"]
[Site "Bad Wiessee GER"]
[Date "2012.10.27"]
[Round "1.12"]
[White "Giannino,D"]
[Black "Andersson,U"]
[Result "0-1"]
[WhiteElo "1989"]
[BlackElo "2556"]

1.e4 e6 2.d4 d5 3.Nd2 c5 4.exd5 Qxd5 5.Ngf3 cxd4 6.Bc4 Qd6 7.O-O Nf6 8.Nb3 Nc6
9.Nbxd4 Nxd4 10.Qxd4 Qxd4 11.Nxd4 Bd7 12.Bb5 Bc5 13.Bxd7+ Kxd7 14.Rd1 Ke7
15.Bg5 Rac8 16.Nb3 Bb6 17.Rd2 Rhd8 18.c3 Rxd2 19.Nxd2 h6 20.Bxf6+ Kxf6 21.Kf1 Ke7
22.Ke2 Rc5 23.a4 g5 24.f3 h5 25.h3 Bc7 26.Rc1 Re5+ 27.Kd1 g4 28.hxg4 hxg4
29.b4 Rh5 30.Nf1 Bf4 31.Rb1 gxf3 32.gxf3 Rg5 33.Ke1 Rg2 34.c4 Rc2 35.c5 Kd7
36.Rd1+ Ke7 37.Rd4 Be5 38.Ne3 Rc1+ 39.Rd1 Bc3+ 40.Ke2 Rxd1 41.Nxd1 Bxb4  0-1

[Event "16th OIBM 2012"]
[Site "Bad Wiessee GER"]
[Date "2012.10.28"]
[Round "2.12"]
[White "Andersson,U"]
[Black "Hovens,G"]
[Result "1-0"]
[WhiteElo "2556"]
[BlackElo "2054"]

1.Nf3 d5 2.d4 Nf6 3.c4 e6 4.g3 b6 5.Bg2 Bb7 6.cxd5 Bxd5 7.O-O Be7 8.Nc3 Bb7
9.Qa4+ Qd7 10.Qc2 O-O 11.Bg5 Nd5 12.Nxd5 exd5 13.Ne5 Qd8 14.Bxe7 Qxe7 15.b4 c6
16.Rab1 f6 17.Nd3 Re8 18.e3 Nd7 19.a4 Rac8 20.Qb3 Qf7 21.Rfc1 f5 22.Rc2 Nf6
23.Rbc1 Ne4 24.Ne5 Qe6 25.f3 Ng5 26.h4 Nf7 27.f4 Nxe5 28.fxe5 Rcd8 29.Qc3 Re7
30.a5 b5 31.a6 Bxa6 32.Qxc6 Kf8 33.Qxe6 Rxe6 34.Ra1  1-0

[Event "16th OIBM 2012"]
[Site "Bad Wiessee GER"]
[Date "2012.10.29"]
[Round "3.11"]
[White "Zenker,U"]
[Black "Andersson,U"]
[Result "0-1"]
[WhiteElo "2225"]
[BlackElo "2556"]

1.d4 Nf6 2.Bf4 c5 3.dxc5 Na6 4.e3 Nxc5 5.Nc3 d6 6.Nf3 g6 7.Bd3 Bg7 8.Bg5 O-O
9.e4 a6 10.O-O b5 11.Re1 Bb7 12.a3 h6 13.Bh4 Rc8 14.Qd2 g5 15.Bg3 Nh5 16.h4 Nxg3
17.fxg3 e6 18.Rab1 Qf6 19.e5 dxe5 20.hxg5 hxg5 21.Qxg5 Qxg5 22.Nxg5 f5 23.Rbd1 Bf6
24.Nh3 Rf7 25.Bf1 Rg7 26.Kh2 Kf8 27.Nf2 Kf7 28.g4 e4 29.g3 Nd7 30.gxf5 Bxc3
31.bxc3 exf5 32.Re3 Nf6 33.c4 Rh8+ 34.Kg2 f4 35.Rb3 e3+  0-1

[Event "16th OIBM 2012"]
[Site "Bad Wiessee GER"]
[Date "2012.10.30"]
[Round "4.9"]
[White "Andersson,U"]
[Black "Forchert,M"]
[Result "1/2-1/2"]
[WhiteElo "2556"]
[BlackElo "2393"]

1.Nf3 Nf6 2.c4 g6 3.Nc3 d5 4.cxd5 Nxd5 5.e4 Nxc3 6.dxc3 Qxd1+ 7.Kxd1 f6 8.Be3 e5
9.Nd2 Be6 10.Bc4 Kf7 11.Ke2 Nd7 12.b4 a5 13.a3 Be7 14.Rhb1 Rhb8 15.Bxe6+ Kxe6
16.Nb3 a4 17.Nd2 c6 18.Ra2 Rc8 19.c4 b6 20.Rd1 Rab8 21.Rc2 f5 22.exf5+ gxf5
23.Nb1 Rg8 24.g3 Nf6 25.Nc3 b5 26.h3 h5 27.Nb1 h4 28.gxh4 f4 29.Bc1 c5 30.cxb5 cxb4
31.axb4 Rxb5 32.Rc6+ Kf5 33.Nc3 Rb7 34.Nxa4 Rxb4 35.Nc3 Rb3 36.h5 Bb4 37.Nd5 Nxd5
38.Rxd5 f3+ 39.Kd1 Ba3 40.Kc2 Rh8 41.Rd3 Rxd3 42.Kxd3 Bxc1 43.Rxc1 e4+ 44.Kd2 Rd8+
45.Ke1 Rd6 46.Rc8 Kg5 47.Re8 Kf4 48.Rf8+ Kg5 49.Re8 Kf4 50.Rf8+ Kg5 51.Re8  1/2-1/2

[Event "16th OIBM 2012"]
[Site "Bad Wiessee GER"]
[Date "2012.11.01"]
[Round "6.11"]
[White "Andersson,U"]
[Black "Hoefelsauer,T"]
[Result "1-0"]
[WhiteElo "2556"]
[BlackElo "2257"]

1.Nf3 d5 2.d4 c5 3.c4 dxc4 4.e3 cxd4 5.Bxc4 Qc7 6.Qb3 e6 7.exd4 Nf6 8.O-O Be7
9.Bg5 O-O 10.Nc3 Nc6 11.Be2 a6 12.Rfd1 b5 13.Rac1 Bb7 14.Bxf6 Bxf6 15.d5 Na5
16.Qb4 Nc4 17.dxe6 fxe6 18.a4 Rac8 19.axb5 Nxb2 20.Qxb2 Bxc3 21.Qb3 Bd5 22.Rxd5 exd5
23.Qxd5+ Kh8 24.bxa6 Qf4 25.Rd1 Qa4 26.g3 Bf6 27.Qb5 Qa2 28.Rd2 Qa1+ 29.Kg2 Rb8
30.Qh5 g6 31.Qc5 Rfc8 32.Qd6 Rd8 33.Qf4 Rf8 34.Rd7 Rbe8 35.Qc4 Re7 36.Rxe7 Bxe7
37.h4 Bf6 38.Bd3 Qa5 39.Qc6 Qa1 40.h5 Kg7 41.hxg6 hxg6 42.Qe4 Rh8 43.Qxg6+ Kf8
44.Bf1 Ke7 45.Qe4+ Kd6 46.Qd3+ Ke7 47.Qe3+ Kd6 48.Qb6+ Ke7 49.Qc7+ Kf8 50.a7 Ke8
51.Qb7  1-0

[Event "16th OIBM 2012"]
[Site "Bad Wiessee GER"]
[Date "2012.11.03"]
[Round "8.14"]
[White "Schnelzer,R"]
[Black "Andersson,U"]
[Result "0-1"]
[WhiteElo "2230"]
[BlackElo "2556"]

1.f4 Nf6 2.Nf3 g6 3.g3 Bg7 4.Bg2 d5 5.O-O O-O 6.d3 c5 7.Qe1 d4 8.c3 Nc6 9.Na3 Rb8
10.Bd2 b5 11.Rc1 dxc3 12.Bxc3 b4 13.Bxf6 Bxf6 14.Nc4 Be6 15.b3 Bc3 16.Qd1 Bxc4
17.dxc4 Qa5 18.Qc2 Nd4 19.Nxd4 Bxd4+ 20.Kh1 Rb6 21.f5 Kg7 22.Qe4 e6 23.fxg6 hxg6
24.Rc2 Bc3 25.Qf4 Rbb8 26.Qf3 Qd8 27.Rcc1 Rb6 28.Rcd1 Rd6 29.Rd3 Rxd3 30.exd3 Qe7
31.Qe2 Rh8 32.Bf3 Rd8 33.Kg2 Rd6 34.Kh1 Qd8 35.Rd1 Qd7 36.Qc2 Bd4 37.Qe2 a5
38.h4 a4 39.Qd2 Qe7 40.Kg2 Ra6 41.h5 g5 42.h6+ Kxh6 43.Rh1+ Kg7 44.Rh5 Bf6
45.Kh3 axb3 46.axb3 Ra3 47.Bd1 Qd8 48.Qe3 Qd4 49.Qf3 Ra2 50.Be2 Qe5 51.Bd1 Rd2
52.Qa8 Qf5+  0-1

[Event "73rd Noteboom Mem"]
[Site "Leiden NED"]
[Date "2013.02.08"]
[Round "1.5"]
[White "Termeulen,A"]
[Black "Andersson,U"]
[Result "0-1"]
[WhiteElo "2160"]
[BlackElo "2556"]

1.e4 c5 2.Nf3 Nc6 3.d4 cxd4 4.Nxd4 Nf6 5.Nc3 e5 6.Ndb5 h6 7.Nd5 Nxd5 8.exd5 a6
9.Na3 Bxa3 10.bxa3 Ne7 11.d6 Nf5 12.Bd3 Nxd6 13.O-O O-O 14.Re1 Re8 15.Bb2 e4
16.Be2 Nf5 17.Qd5 d6 18.Rad1 e3 19.fxe3 Rxe3 20.Qc5 Qe7 21.Qc4 Bd7 22.Bc1 Bb5
23.Qf4 Rxe2 24.Rxe2 Qxe2  0-1

[Event "OKU Open A 2013"]
[Site "Maarssen NED"]
[Date "2013.05.31"]
[Round "1.1"]
[White "Andersson,U"]
[Black "Uildriks,M"]
[Result "1-0"]
[WhiteElo "2557"]
[BlackElo "2013"]

1.Nf3 e6 2.c4 Nf6 3.g3 b6 4.Bg2 Bb7 5.O-O c5 6.Nc3 d6 7.b3 Be7 8.d4 cxd4
9.Qxd4 O-O 10.Rd1 Nc6 11.Qf4 Qb8 12.Bb2 Ne5 13.Rac1 Nxf3+ 14.Bxf3 Bxf3 15.Qxf3 Nd7
16.Ne4 f5 17.Nd2 Qe8 18.e4 Qg6 19.exf5 exf5 20.Re1 Rae8 21.Qd5+ Kh8 22.Re6 Bf6
23.Bxf6 Rxf6 24.Rxe8+ Qxe8 25.Nf3 h6 26.Re1 Qf8 27.b4 f4 28.g4 Qf7 29.Qxf7 Rxf7
30.Re8+ Kh7 31.Re6 Ne5 32.Nxe5 dxe5 33.Rxe5 f3 34.Re4 Rd7 35.h3 Rd2 36.a3 a5
37.bxa5 bxa5 38.Re5 Rc2 39.Rxa5 Rxc4 40.Re5 Kg6 41.Kh2 Rc3 42.Re3 Rc2 43.Kg3 Ra2
44.Rxf3 Ra1 45.Kf4 Kf6 46.Ke4+ Ke6 47.Rb3 Re1+ 48.Kf4 g5+ 49.Kf3 Ra1 50.Rb6+ Ke5
51.Rxh6 Rxa3+ 52.Kg2 Ra5 53.Kg3 Ke4 54.Re6+ Kd4 55.Re3 Ra1 56.Rf3 Ke4 57.Rf5 Rg1+
58.Kh2 Rf1 59.Kg2  1-0

[Event "OKU Open A 2013"]
[Site "Maarssen NED"]
[Date "2013.06.01"]
[Round "2.1"]
[White "Jellema,Y"]
[Black "Andersson,U"]
[Result "0-1"]
[WhiteElo "2222"]
[BlackElo "2557"]

1.e4 c5 2.c3 d5 3.exd5 Qxd5 4.d4 e6 5.Nf3 Nf6 6.Nbd2 cxd4 7.Bc4 Qc6 8.Qe2 a6
9.cxd4 b5 10.Bd3 Bb7 11.O-O Be7 12.a4 bxa4 13.Nc4 O-O 14.Bg5 Nbd7 15.Na5 Qb6
16.Nxb7 Qxb7 17.Rxa4 a5 18.d5 Qxd5 19.Rd1 Qb7 20.Rh4 Rfe8 21.Qc2 g6 22.Nd4 Rac8
23.Qe2 Nc5 24.Bb5 Red8 25.Re1 Nd5 26.Bxe7 Qxe7 27.g3 Nb4 28.Nf3 Nd7 29.Bxd7 Rxd7
30.Ne5 Rd5 31.Ng4 h5 32.Ne5 Rcc5 33.f4 Rc2 34.Qe4 Qc5+ 35.Kh1 Qd4 36.Qf3 Qf2
37.Qe4 Rd4 38.Qa8+ Kg7  0-1